| 000 | 01003 a2200229 4500 | ||
|---|---|---|---|
| 020 | _a0070696039 | ||
| 020 | _a9780070696037 | ||
| 082 | 0 | 4 | _a428.24 |
| 090 |
_c1611 _d1611 |
||
| 100 | 1 | _aWerner, Patricia K. | |
| 245 | 1 | 0 |
_aInteractions access : _ba communicative grammar / _cPatricia K. Werner. |
| 250 | _a2nd ed. | ||
| 260 |
_a[S.l.] : _bMcGraw-Hill Companies, _c1997. |
||
| 300 |
_a320 p. ; _c23 cm. |
||
| 500 | _aPaperback. | ||
| 520 | _aThis text introduces, practices, and applies basic grammatical structures in everyday contexts. The conversational approach helps students use the grammar structures they are studying in real-life communication. Ideal for pre-beginning to beginning ESOL students. | ||
| 700 | 1 | _aNelson, John P. | |
| 700 | 1 | _aSpaventa, Marilynn. | |
| 856 | 4 | 0 |
_3Amazon.com _uhttp://www.amazon.com/exec/obidos/ASIN/0070696039/chopaconline-20 |
| 856 | 4 | 0 |
_3Amazon customer reviews _uhttp://www.chopac.org/cgi-bin/tools/azrev.pl?q=0070696039 |
| 942 |
_aNBS _cBK _k428.24 WER |
||
| 999 |
_c344127 _d344127 |
||